000 00730nam a2200217 a 4500
999 _c8150
_d8150
001 8150
003 BD-JhCC
005 20180219083811.0
008 180219s1988 bg a|||| || | 000 0 ben d
035 _a(BD-JhCC)8150
040 _aBD-JhCC
_dBD-JhCC
041 _aben
082 _a790.922
_bPHA 1988
100 _aপাঠান, মুহাম্মদ হাবিবুল্লা
245 _aনরসিংদীর লৌকিক খেলাধুলা /
_cমুহাম্মদ হাবিবুল্লা পাঠান,
260 _aঢাকা :
_bবাংলা একাডেমী,
_c1988
300 _a111 p. :
_c22 cm.
650 _aSports
_zBangladesh
942 _2ddc
_cBK